Ligne 3 - Tram Montpellier - France - Statistiques

Statistiques générales
  • Ce quiz a été pris 13 fois
  • Le résultat moyen est 19 sur 25
Statistiques - réponses
3. Arrêts % Correct
1 Juvignac
100%
2 Mosson
100%
14 Gare Saint-Roch
92%
13 Observatoire
92%
25 Pérols Étang De L'Or
92%
11 Plan Cabanes
92%
9 Astruc
83%
8 Jules Guesde
83%
12 Saint-Denis
83%
7 Tonnelles
83%
21 Boirargues
75%
5 Hôtel Du Département
75%
10 Les Arceaux
75%
6 Pergola
75%
4 Pilory
75%
19 Port Marianne
75%
17 Rives Du Lez
75%
3 Celleneuve
67%
20 Pablo Picasso
67%
24 Pérols Centre
67%
23 Parc Expo
58%
15 Place Carnot
58%
16 Voltaire
58%
22 Ecopôle
50%
18 Moularès
50%
Aucun quiz correspondant
Distribution des résultats
% des personnes avec chaque résultat
Percentile par nombre de réponses
Votre historique - résultats
Vous n’avez pas pris ce quiz